000
00240 a2200097 4500
001
58325
100
_a
245
_a
Applied electronic instrumentation and measurment
260
_a
NY
_b
Merrill Publication Co.
_c
1992
090
_c
35812
_d
35812
942
_a
NUST-CAE
_c
_c
28683
999
_c
293398
_d
293398